[Event "St Petersburg Korchnoi Memorial op"]
[Site "St Petersburg"]
[Date "2018.08.20"]
[Round "6"]
[White "Dashdorzh, Dashanima"]
[Black "Ilyuchyk, Yana"]
[Result "0-1"]
[WhiteElo "1726"]
[BlackElo "2090"]
[PlyCount "80"]
[EventDate "2018.08.15"]
[EventType "swiss"]
[EventRounds "9"]
[EventCountry "RUS"]
[SourceTitle "CBM 186 Extra"]
[Source "ChessBase"]
[SourceDate "2018.08.24"]
[SourceVersion "1"]
[SourceVersionDate "2018.08.24"]
[SourceQuality "1"]

1. e4 c5 2. Nf3 Nc6 3. d4 cxd4 4. Nxd4 Nf6 5. Nc3 d6 6. Bg5 e6 7. Qd2 Be7 8. 0-0-0 0-0 9. f3 Nxd4 10. Qxd4 a6 11. h4 Qa5 12. Kb1 b5 13. Qd2 b4 14. Ne2 e5 15. g4 Be6 16. b3 d5 17. Bxf6 Bxf6 18. exd5 Rfd8 19. c4 bxc3 20. Nxc3 Be7 21. Bc4 Bb4 22. Qc2 Bxc3 23. dxe6 fxe6 24. Bxe6+ Kh8 25. h5 e4 26. fxe4 Bf6 27. Rd5 Qb6 28. Rxd8+ Rxd8 29. g5 Be5 30. Rd1 Rxd1+ 31. Qxd1 Qxe6 32. Qd8+ Qg8 33. Qe7 Qb8 34. Qe6 a5 35. a4 Bc3 36. h6 Qd8 37. hxg7+ Kxg7 38. Qh6+ Kh8 39. g6 Qd1+ 40. Qc1 Qxb3+ 0-1

[Event "St Petersburg Korchnoi Memorial op"]
[Site "St Petersburg"]
[Date "2018.08.16"]
[Round "2"]
[White "Byelopolskiy, V."]
[Black "Dashdorzh, Dashanima"]
[Result "1/2-1/2"]
[WhiteElo "2421"]
[BlackElo "1726"]
[PlyCount "80"]
[EventDate "2018.08.15"]
[EventType "swiss"]
[EventRounds "9"]
[EventCountry "RUS"]
[SourceTitle "CBM 186 Extra"]
[Source "ChessBase"]
[SourceDate "2018.08.24"]
[SourceVersion "1"]
[SourceVersionDate "2018.08.24"]
[SourceQuality "1"]

1. e4 c5 2. Nf3 e6 3. d4 cxd4 4. Nxd4 a6 5. Bd3 Bc5 6. Nb3 Be7 7. Nc3 Qc7 8. 0-0 Nf6 9. Qe2 d6 10. f4 Nbd7 11. Bd2 b6 12. Rae1 Bb7 13. e5 Nd5 14. f5 Nxe5 15. fxe6 fxe6 16. Nxd5 Bxd5 17. Nd4 Nxd3 18. cxd3 e5 19. Nf5 0-0 20. Qg4 Bf6 21. Rc1 Qd8 22. Bb4 Kh8 23. Bxd6 Rf7 24. Bb4 a5 25. Bc3 Qd7 26. Ne3 Be6 27. Qe4 Rd8 28. Bxe5 Bxe5 29. Qxe5 Rxf1+ 30. Rxf1 Bxa2 31. Nf5 Re8 32. Qd6 Qxd6 33. Nxd6 Rd8 34. Nf7+ Bxf7 35. Rxf7 h6 36. Rb7 Rxd3 37. Rxb6 Rd2 38. Rb5 a4 39. Rb4 Kh7 40. Rxa4 Rxb2 1/2-1/2

[Event "St Petersburg Korchnoi Memorial op"]
[Site "St Petersburg"]
[Date "2018.08.15"]
[Round "1"]
[White "Dashdorzh, Dashanima"]
[Black "Eynullayev, Altay Elshan"]
[Result "1/2-1/2"]
[WhiteElo "1726"]
[BlackElo "2180"]
[PlyCount "72"]
[EventDate "2018.08.15"]
[EventType "swiss"]
[EventRounds "9"]
[EventCountry "RUS"]
[SourceTitle "CBM 186 Extra"]
[Source "ChessBase"]
[SourceDate "2018.08.24"]
[SourceVersion "1"]
[SourceVersionDate "2018.08.24"]
[SourceQuality "1"]

1. e4 c5 2. Nf3 d6 3. d4 cxd4 4. Nxd4 Nf6 5. Nc3 a6 6. Bg5 Nbd7 7. f4 Qc7 8. Qf3 h6 9. Bxf6 Nxf6 10. h3 e5 11. Nb3 Be7 12. 0-0-0 Be6 13. Kb1 Rc8 14. g4 b5 15. Rh2 Nd7 16. Rhd2 exf4 17. Nd4 Ne5 18. Qf2 0-0 19. Nf5 Bf6 20. Nxd6 Nc4 21. Bxc4 bxc4 22. Nd5 Bxd5 23. Rxd5 Qb8 24. c3 Rc6 25. Ka1 Rd8 26. Qxf4 Rb6 27. e5 Rxb2 28. exf6 Rxa2+ 29. Kxa2 Qb3+ 30. Ka1 Qa4+ 31. Kb1 Qb3+ 32. Kc1 Qxc3+ 33. Kb1 Qb3+ 34. Kc1 Qc3+ 35. Kb1 Qb3+ 36. Kc1 Qc3+ 1/2-1/2

[Event "RUS-ch Eurasia Cup op"]
[Site "Ekaterinburg"]
[Date "2018.08.09"]
[Round "8"]
[White "Dashdorzh, Dashanima"]
[Black "Kozlov, Denis1111"]
[Result "0-1"]
[WhiteElo "1726"]
[BlackElo "2128"]
[PlyCount "46"]
[EventDate "2018.08.01"]
[EventType "swiss"]
[EventRounds "9"]
[EventCountry "RUS"]
[SourceTitle "CBM 185 Extra"]
[Source "ChessBase"]
[SourceDate "2018.07.29"]
[SourceVersion "1"]
[SourceVersionDate "2018.07.29"]
[SourceQuality "1"]

1. e4 e6 2. d4 d5 3. Nc3 Bb4 4. Bd3 dxe4 5. Bxe4 Nf6 6. Bg5 h6 7. Bxf6 Qxf6 8. Nf3 0-0 9. 0-0 Nd7 10. a3 Bxc3 11. bxc3 Rd8 12. Qe2 Rb8 13. Rfe1 Qe7 14. d5 Nc5 15. dxe6 Qxe6 16. Nd4 Qxe4 17. Qh5 Rd5 18. Qd1 Qg6 19. Re8+ Kh7 20. Qe1 Bh3 21. g3 Rxe8 22. Qxe8 Qe4 23. Qxe4+ Nxe4 0-1

[Event "RUS-ch Eurasia Cup op"]
[Site "Ekaterinburg"]
[Date "2018.08.03"]
[Round "3"]
[White "Zharkov, Nikolay"]
[Black "Dashdorzh, Dashanima"]
[Result "0-1"]
[WhiteElo "2040"]
[BlackElo "1726"]
[PlyCount "120"]
[EventDate "2018.08.01"]
[EventType "swiss"]
[EventRounds "9"]
[EventCountry "RUS"]
[SourceTitle "CBM 185 Extra"]
[Source "ChessBase"]
[SourceDate "2018.07.29"]
[SourceVersion "1"]
[SourceVersionDate "2018.07.29"]
[SourceQuality "1"]

1. e4 c5 2. Nf3 e6 3. d4 cxd4 4. Nxd4 a6 5. Bd3 Bc5 6. Nb3 Be7 7. 0-0 Nf6 8. e5 Nd5 9. Be4 Nb4 10. Bf4 0-0 11. a4 f5 12. exf6 Rxf6 13. Bd6 N8c6 14. Na3 Bxd6 15. Qxd6 e5 16. Qd2 d5 17. Rad1 Be6 18. Bf3 Qf8 19. Qe2 e4 20. Bg4 Bxg4 21. Qxg4 Ne5 22. Qg3 Re8 23. Nd4 Rg6 24. Qe3 Nbc6 25. f4 exf3 26. Nxf3 Ng4 27. Qb6 Ne3 28. Nh4 Rf6 29. Rxf6 Qxf6 30. Re1 Qxh4 31. Rxe3 Rf8 32. h3 Qf2+ 33. Kh2 Qf4+ 34. Rg3 Nd4 35. Qxb7 Nf5 36. Qxd5+ Kh8 37. Qf3 Qc7 38. Nb1 Qxc2 39. Nc3 Qxb2 40. Rg4 Qa3 41. Rf4 g6 42. g4 Qb2+ 43. Ne2 Re8 44. Re4 Qb8+ 45. Kg1 Qb1+ 46. Kf2 Qxe4 47. gxf5 gxf5 48. Qc3+ Kg8 49. Ng3 Qxa4 50. Qd3 Qf4+ 51. Kg2 Qg5 52. Kf3 f4 53. Nf5 Re3+ 54. Nxe3 Qg3+ 55. Ke4 Qxe3+ 56. Qxe3 fxe3 57. Kxe3 Kf7 58. Kd4 Kf6 59. Kc5 Kg5 60. Kb6 Kh4 0-1

[Event "RUS-ch Eurasia Cup op"]
[Site "Ekaterinburg"]
[Date "2018.08.01"]
[Round "1"]
[White "Dubinin, Alexsandr"]
[Black "Dashdorzh, Dashanima"]
[Result "1/2-1/2"]
[WhiteElo "2260"]
[BlackElo "1726"]
[PlyCount "130"]
[EventDate "2018.08.01"]
[EventType "swiss"]
[EventRounds "9"]
[EventCountry "RUS"]
[SourceTitle "CBM 185 Extra"]
[Source "ChessBase"]
[SourceDate "2018.07.29"]
[SourceVersion "1"]
[SourceVersionDate "2018.07.29"]
[SourceQuality "1"]

1. e4 c5 2. Nf3 e6 3. d4 cxd4 4. Nxd4 a6 5. c4 Nf6 6. Nc3 Qc7 7. a3 b6 8. Be3 Bb7 9. Bd3 d6 10. Rc1 Nbd7 11. f3 Be7 12. 0-0 0-0 13. b4 Rac8 14. f4 Rfe8 15. Qf3 Qb8 16. g4 g6 17. g5 Nh5 18. Qh3 Ng7 19. Nde2 Bf8 20. Ng3 Red8 21. Nd1 d5 22. Nf2 dxe4 23. Nfxe4 Nf5 24. Bf2 Qxf4 25. Bxb6 Qb8 26. Bxd8 Rxd8 27. Nxf5 exf5 28. Rxf5 gxf5 29. Qxf5 Bxe4 30. Bxe4 Qb6+ 31. c5 Qg6 32. c6 Nb6 33. c7 Qxf5 34. Bxf5 Rd5 35. Rc6 Bd6 36. c8Q+ Nxc8 37. Rxc8+ Kg7 38. Rc6 a5 39. Be4 Rd1+ 40. Kf2 axb4 41. axb4 Bxb4 42. Rh6 Be7 43. Rxh7+ Kg8 44. h4 Bc5+ 45. Kg3 Rg1+ 46. Kf4 Bd6+ 47. Kf3 Rf1+ 48. Ke2 Rf4 49. Bd3 Rg4 50. Rh6 Bg3 51. Kf3 Rxh4 52. Rf6 Be5 53. Rf5 Bc7 54. Be4 Rh3+ 55. Kf2 Rh2+ 56. Ke3 Bb6+ 57. Kd3 Rf2 58. Rb5 Bc7 59. Ke3 Rf1 60. Ke2 Rf4 61. Ke3 Rf1 62. Bd3 Rc1 63. Rb7 Kg7 64. Kd4 Bf4 65. g6 Rc7 1/2-1/2

[Event "Novokuznetsk SFO-ch U15"]
[Site "Novokuznetsk"]
[Date "2014.11.07"]
[Round "6"]
[White "Dashdorzh, Dashanima"]
[Black "Prokhorov, Vladislav"]
[Result "0-1"]
[WhiteElo "800"]
[BlackElo "1748"]
[PlyCount "110"]
[EventDate "2014.11.02"]
[EventType "swiss"]
[EventRounds "9"]
[EventCountry "RUS"]
[SourceTitle "CBM 163 Extra"]
[Source "ChessBase"]
[SourceDate "2014.12.23"]
[SourceVersion "1"]
[SourceVersionDate "2014.12.23"]
[SourceQuality "1"]

1. e4 e6 2. d4 d5 3. e5 c5 4. c3 Qb6 5. a3 Nc6 6. Nf3 cxd4 7. cxd4 Nh6 8. b4 Nf5 9. Be3 Be7 10. Be2 0-0 11. 0-0 Bd7 12. Qd2 Rac8 13. Nc3 Nxb4 14. Rab1 Qc7 15. Rfc1 Nc6 16. Nb5 Qd8 17. Qb2 b6 18. Nc3 Na5 19. Nd2 Nc6 20. Ba6 Rb8 21. Ne2 Bg5 22. Bxg5 Qxg5 23. Nf3 Qe7 24. Bb5 Rfc8 25. Ba6 Rc7 26. Nc3 Ncxd4 27. Nxd4 Nxd4 28. Nxd5 Rxc1+ 29. Rxc1 exd5 30. Qxd4 Qxa3 31. Ra1 Qc5 32. Qf4 Be6 33. Rc1 Qa3 34. Be2 b5 35. h3 Qe7 36. Bf3 b4 37. Rb1 a5 38. Qd4 Qb7 39. Bd1 Qb5 40. Qa7 Qb6 41. Qe7 d4 42. Qg5 b3 43. Qd2 a4 44. Qb2 Qb4 45. Ra1 Qc3 46. Qb1 Bf5 47. Qxf5 Qxa1 48. Qd3 Qc3 49. Qe4 b2 50. Bc2 Qxc2 51. Qxd4 b1Q+ 52. Kh2 Qb6 53. Qd5 Qbxf2 54. e6 Qf4+ 55. Kg1 Qcc1+ 0-1

[Event "Novokuznetsk SFO-ch U15"]
[Site "Novokuznetsk"]
[Date "2014.11.04"]
[Round "3"]
[White "Listov, Ivan"]
[Black "Dashdorzh, Dashanima"]
[Result "0-1"]
[WhiteElo "1807"]
[BlackElo "800"]
[PlyCount "114"]
[EventDate "2014.11.02"]
[EventType "swiss"]
[EventRounds "9"]
[EventCountry "RUS"]
[SourceTitle "CBM 163 Extra"]
[Source "ChessBase"]
[SourceDate "2014.12.23"]
[SourceVersion "1"]
[SourceVersionDate "2014.12.23"]
[SourceQuality "1"]

1. e4 c5 2. c3 Nf6 3. e5 Nd5 4. d4 cxd4 5. cxd4 Nc6 6. Nf3 e6 7. a3 Be7 8. Nc3 Nxc3 9. bxc3 0-0 10. Bd3 f6 11. exf6 Bxf6 12. 0-0 b6 13. Qc2 g6 14. Bh6 Bg7 15. Be3 Bb7 16. Rab1 Ne7 17. Be4 Nd5 18. Bg5 Qc7 19. Rb3 Rac8 20. Rc1 Nf4 21. Bxf4 Rxf4 22. Bxb7 Qxb7 23. Qd2 Bh6 24. Qd3 Rxf3 25. Qxf3 Qxf3 26. gxf3 Bxc1 27. a4 Bd2 28. Rb1 Rxc3 29. Rd1 Bf4 30. Kg2 Ra3 31. Re1 Rxa4 32. Re4 Bd6 33. Kh3 Ra5 34. Kg2 Kf7 35. Kf1 h5 36. Kg2 a6 37. Re2 Rg5+ 38. Kh1 Kf6 39. Rc2 a5 40. Rc8 Rd5 41. Rc4 b5 42. Rc2 Rxd4 43. Ra2 a4 44. Rb2 b4 45. Ra2 a3 46. Ra1 b3 47. Rb1 a2 48. Rxb3 a1Q+ 49. Kg2 Bxh2 50. Kxh2 Rh4+ 51. Kg3 Qg1+ 52. Kxh4 g5+ 53. Kh3 Qh1+ 54. Kg3 Kf5 55. Rb5+ e5 56. Rb4 h4+ 57. Rxh4 gxh4# 0-1